[Event "SUI-ch HT1"]
[Site "Lenzerheide"]
[Date "2006.07.18"]
[Round "6"]
[White "Frick, Renato"]
[Black "Roelli, Corinne"]
[Result "1-0"]
[WhiteElo "2146"]
[BlackElo "1991"]
[PlyCount "81"]
[EventDate "2006.07.13"]
[EventType "swiss"]
[EventRounds "7"]
[EventCountry "SUI"]
[SourceTitle "CBM 113 Extra"]
[Source "ChessBase"]
[SourceDate "2006.09.14"]
[SourceVersion "1"]
[SourceVersionDate "2006.09.14"]
[SourceQuality "1"]

1. e4 c5 2. Nf3 e6 3. d4 cxd4 4. Nxd4 a6 5. Bd3 Nf6 6. 0-0 Qc7 7. Qe2 Bd6 8. h3 Nc6 9. Nxc6 dxc6 10. c4 h5 11. Re1 Be5 12. Nd2 Qd8 13. Nf3 Ng4 14. Bg5 Bf6 15. Bxf6 Qxf6 16. e5 Qe7 17. Nd2 Qh4 18. Ne4 Ke7 19. Ng3 Nh6 20. Qe3 Ke8 21. Rad1 Qe7 22. Nxh5 Nf5 23. Qf3 Qg5 24. Bxf5 exf5 25. Nf4 Rh4 26. g3 Rh6 27. Qe3 Qe7 28. Rd6 Be6 29. Nxe6 fxe6 30. h4 Rd8 31. Red1 Rc8 32. Qd2 Rc7 33. c5 Kf7 34. b4 Rh5 35. Rd8 g5 36. hxg5 Kg6 37. Rg8+ Kf7 38. Qd8 Qxd8 39. Rdxd8 Ke7 40. f4 Rh7 41. g6 1-0

[Event "EU-chT (Women) 15th"]
[Site "Gothenburg"]
[Date "2005.08.05"]
[Round "7"]
[White "Fridthjofsdottir, Sigurlaug Regina"]
[Black "Roelli, Corinne"]
[Result "1/2-1/2"]
[WhiteElo "1963"]
[BlackElo "2001"]
[PlyCount "113"]
[EventDate "2005.07.30"]
[EventType "team-swiss"]
[EventRounds "9"]
[EventCountry "SWE"]
[SourceTitle "CBM 107 Extra"]
[Source "ChessBase"]
[SourceDate "2005.09.01"]
[SourceVersion "1"]
[SourceVersionDate "2005.09.01"]
[SourceQuality "1"]
[WhiteTeam "Island (W)"]
[BlackTeam "Switzerland (W)"]
[WhiteTeamCountry "ISL"]
[BlackTeamCountry "SUI"]

1. e4 c5 2. c3 d5 3. exd5 Qxd5 4. d4 Nf6 5. Nf3 Bg4 6. Be2 e6 7. h3 Bh5 8. 0-0 Nc6 9. Be3 cxd4 10. cxd4 Be7 11. Nc3 Qa5 12. Qb3 Qb4 13. Qxb4 Bxb4 14. Rac1 0-0 15. Rfd1 Rfd8 16. a3 Bxc3 17. bxc3 Rac8 18. g4 Bg6 19. c4 Na5 20. Ne5 Be4 21. Rc3 Ne8 22. Rdc1 f6 23. Nd3 Nc6 24. Nc5 Nxd4 25. Bxd4 Rxd4 26. Nxe6 Rd2 27. Re3 Bg6 28. c5 Nc7 29. Nf4 Be8 30. Bf3 Bc6 31. Bxc6 bxc6 32. Rce1 Rc2 33. Re7 g6 34. Rd7 Rc4 35. Ne6 Nxe6 36. Rxe6 Rxc5 37. Ree7 Ra5 38. Rg7+ Kf8 39. Rxh7 Kg8 40. Rdg7+ Kf8 41. Rxg6 Rxa3 42. Rxf6+ Kg8 43. Rff7 a5 44. Ra7 a4 45. Kg2 c5 46. g5 c4 47. g6 Rd3 48. Rxa4 c3 49. Rah4 Rc5 50. Rh8+ Kg7 51. R4h7+ Kxg6 52. Rh6+ Kf7 53. R8h7+ Kg8 54. Rh8+ Kg7 55. R8h7+ Kg8 56. Rh8+ Kg7 57. R8h7+ 1/2-1/2

[Event "Samnaun HT1"]
[Site "Samnaun"]
[Date "2004.07.11"]
[Round "4"]
[White "Baumgartner, Walter"]
[Black "Roelli, Corinne"]
[Result "1-0"]
[WhiteElo "2101"]
[BlackElo "1983"]
[PlyCount "69"]
[EventDate "2004.07.08"]
[EventType "swiss"]
[EventRounds "9"]
[EventCountry "SUI"]
[SourceTitle "EXT 2005"]
[Source "ChessBase"]
[SourceDate "2004.11.15"]
[SourceVersion "1"]
[SourceVersionDate "2004.11.15"]
[SourceQuality "1"]

1. d4 d5 2. Nf3 Nf6 3. c4 e6 4. g3 Be7 5. Bg2 0-0 6. 0-0 Nbd7 7. Qc2 c6 8. b3 b6 9. Rd1 Ba6 10. Nbd2 c5 11. e4 cxd4 12. exd5 e5 13. Nh4 g6 14. d6 Bxd6 15. Bxa8 Qxa8 16. f3 Bb7 17. Re1 Bb4 18. a3 Bxd2 19. Qxd2 Bxf3 20. Nxf3 Qxf3 21. b4 Rc8 22. Rf1 Qg4 23. Qd3 h5 24. Ra2 h4 25. Rg2 h3 26. Rgf2 b5 27. c5 Qe6 28. Bg5 Qd5 29. Bxf6 Nxf6 30. Qf3 e4 31. Qxf6 Rc7 32. Qd6 Rd7 33. Qxd5 Rxd5 34. c6 e3 35. c7 1-0

[Event "Samnaun HT1"]
[Site "Samnaun"]
[Date "2004.07.10"]
[Round "3"]
[White "Roelli, Corinne"]
[Black "Reust, Erika"]
[Result "1-0"]
[WhiteElo "1983"]
[BlackElo "1853"]
[PlyCount "55"]
[EventDate "2004.07.08"]
[EventType "swiss"]
[EventRounds "9"]
[EventCountry "SUI"]
[SourceTitle "EXT 2005"]
[Source "ChessBase"]
[SourceDate "2004.11.15"]
[SourceVersion "1"]
[SourceVersionDate "2004.11.15"]
[SourceQuality "1"]

1. d4 f5 2. c4 Nf6 3. Nc3 g6 4. Nf3 Bg7 5. e3 0-0 6. Bd3 d6 7. 0-0 Qe8 8. e4 fxe4 9. Nxe4 Nc6 10. d5 Nb4 11. Bb1 e5 12. a3 Na6 13. Nfd2 b6 14. b4 Bb7 15. Nxf6+ Bxf6 16. Ne4 Be7 17. Bh6 Rf7 18. Bd3 Rd8 19. Ng5 Bxg5 20. Bxg5 Rb8 21. Qc2 Qf8 22. Rae1 Qg7 23. Qd2 h5 24. Bh6 Qh7 25. Qg5 Rg7 26. Bxg7 Kxg7 27. f4 Re8 28. fxe5 1-0

[Event "Samnaun HT1"]
[Site "Samnaun"]
[Date "2004.07.09"]
[Round "2"]
[White "Raetsky, Alexander"]
[Black "Roelli, Corinne"]
[Result "1-0"]
[WhiteElo "2399"]
[BlackElo "1983"]
[PlyCount "37"]
[EventDate "2004.07.08"]
[EventType "swiss"]
[EventRounds "9"]
[EventCountry "SUI"]
[SourceTitle "EXT 2005"]
[Source "ChessBase"]
[SourceDate "2004.11.15"]
[SourceVersion "1"]
[SourceVersionDate "2004.11.15"]
[SourceQuality "1"]

1. d4 d5 2. c4 e6 3. Nf3 Nf6 4. g3 Be7 5. Bg2 0-0 6. 0-0 Nbd7 7. Nc3 c6 8. b3 b6 9. Bb2 Bb7 10. Qc2 c5 11. cxd5 exd5 12. Rad1 Rc8 13. Qb1 Qc7 14. Nh4 Rfe8 15. Nf5 Bf8 16. dxc5 Ne4 17. Nxd5 Bxd5 18. Rxd5 Ndf6 19. Nd6 1-0

[Event "EU-ch (Women) 5th"]
[Site "Dresden"]
[Date "2004.03.30"]
[Round "9"]
[White "Bayrak, Asli"]
[Black "Roelli, Corinne"]
[Result "0-1"]
[WhiteElo "1898"]
[BlackElo "2020"]
[PlyCount "70"]
[EventDate "2004.03.21"]
[EventType "swiss"]
[EventRounds "12"]
[EventCountry "GER"]
[SourceTitle "CBM 099 Extra"]
[Source "ChessBase"]
[SourceDate "2004.05.04"]
[SourceVersion "1"]
[SourceVersionDate "2004.05.04"]
[SourceQuality "1"]

1. e4 c5 2. Nc3 e6 3. g3 Nc6 4. Bg2 g6 5. d3 Bg7 6. Be3 Nd4 7. Nce2 Nxe2 8. Nxe2 Bxb2 9. Rb1 Bg7 10. Bxc5 d6 11. Bb4 Qc7 12. 0-0 Ne7 13. Qd2 0-0 14. Nc3 a6 15. Nd1 e5 16. Ne3 b5 17. Ba5 Qd7 18. c4 Rb8 19. a4 f5 20. exf5 gxf5 21. Nd5 Nxd5 22. Bxd5+ Kh8 23. f4 exf4 24. Qxf4 Be5 25. Qd2 Qg7 26. axb5 axb5 27. Rxb5 Rxb5 28. cxb5 f4 29. Bb4 Rf5 30. Qc2 Bd7 31. Bc6 fxg3 32. hxg3 Qxg3+ 33. Qg2 Bd4+ 34. Rf2 Bxf2+ 35. Kf1 Bc5+ 0-1

[Event "EU-ch (Women) 5th"]
[Site "Dresden"]
[Date "2004.03.26"]
[Round "6"]
[White "Roelli, Corinne"]
[Black "Melnikova, Yana"]
[Result "0-1"]
[WhiteElo "2020"]
[BlackElo "2171"]
[PlyCount "106"]
[EventDate "2004.03.21"]
[EventType "swiss"]
[EventRounds "12"]
[EventCountry "GER"]
[SourceTitle "CBM 099 Extra"]
[Source "ChessBase"]
[SourceDate "2004.05.04"]
[SourceVersion "1"]
[SourceVersionDate "2004.05.04"]
[SourceQuality "1"]

1. d4 d5 2. c4 e6 3. Nc3 c6 4. Nf3 dxc4 5. a4 Bb4 6. e3 b5 7. Bd2 a5 8. Ne5 Nf6 9. Qf3 Bxc3 10. bxc3 Qd5 11. Qg3 0-0 12. f3 Nbd7 13. e4 Qd6 14. Be2 Nb6 15. axb5 cxb5 16. Rb1 Ba6 17. Bh6 Ne8 18. Bf4 Qa3 19. 0-0 Qxc3 20. Qf2 Nf6 21. Nc6 Rfe8 22. Rfc1 Qa3 23. Ra1 Qf8 24. d5 Nfd7 25. Bc7 Na4 26. d6 e5 27. Ne7+ Rxe7 28. dxe7 Qxe7 29. Bxa5 Ndc5 30. Bb4 Qc7 31. Rd1 Nb3 32. Ra2 Nd4 33. Bf1 Nc5 34. Qe3 Ncb3 35. f4 f6 36. fxe5 fxe5 37. g3 Qb6 38. Kh1 Qg6 39. Bg2 h6 40. Rf1 Nc6 41. Qb6 Kh7 42. Bf8 Ncd4 43. Qc7 Ne6 44. Qc6 Bb7 45. Qxb7 Rxa2 46. Bh3 Nbc5 47. Bxe6 Nxb7 48. Bf5 Nd8 49. Rd1 Nf7 50. h4 c3 51. Rc1 c2 52. Kg2 Rb2 53. Kf2 b4 0-1

[Event "EU-chT (Women) 5th"]
[Site "Plovdiv"]
[Date "2003.10.20"]
[Round "9"]
[White "Sirletti, Sonia"]
[Black "Roelli, Corinne"]
[Result "1/2-1/2"]
[WhiteElo "2071"]
[BlackElo "2017"]
[PlyCount "48"]
[EventDate "2003.10.10"]
[EventType "team-swiss"]
[EventRounds "9"]
[EventCountry "BUL"]
[SourceTitle "EXT 2020"]
[Source "ChessBase"]
[SourceDate "2019.10.17"]
[SourceVersion "1"]
[SourceVersionDate "2019.10.17"]
[SourceQuality "1"]
[WhiteTeam "Italy (W)"]
[BlackTeam "Switzerland (W)"]
[WhiteTeamCountry "ITA"]
[BlackTeamCountry "SUI"]

1. d4 d5 2. c4 e6 3. Nc3 Nf6 4. Bg5 Be7 5. e3 c6 6. Nf3 Nbd7 7. Rc1 0-0 8. Bd3 dxc4 9. Bxc4 Nd5 10. Bxe7 Qxe7 11. 0-0 Nxc3 12. Rxc3 e5 13. Nxe5 Nxe5 14. dxe5 Qxe5 15. f4 Qe4 16. Bb3 Qg6 17. Bc2 Bf5 18. Bxf5 Qxf5 19. Qd3 Qe6 20. Qc4 Qxc4 21. Rxc4 Rad8 22. Rc2 Rd3 23. Kf2 Rfd8 24. Re1 Rd2+ 1/2-1/2

[Event "SUI-ch (Women) 103rd"]
[Site "Silvaplana"]
[Date "2003.07.16"]
[Round "7"]
[White "Lematschko, Tatjana"]
[Black "Roelli, Corinne"]
[Result "1-0"]
[WhiteElo "2285"]
[BlackElo "2025"]
[PlyCount "81"]
[EventDate "2003.07.10"]
[EventType "tourn"]
[EventRounds "9"]
[EventCountry "SUI"]
[SourceTitle "CBM 095 Extra"]
[Source "ChessBase"]
[SourceDate "2003.09.04"]
[SourceVersion "1"]
[SourceVersionDate "2003.09.04"]
[SourceQuality "1"]

1. d4 d5 2. c4 e6 3. Nc3 Nf6 4. Bg5 Be7 5. e3 0-0 6. Rc1 c6 7. Bd3 Nbd7 8. Nf3 dxc4 9. Bxc4 Nd5 10. Bxe7 Qxe7 11. e4 Nxc3 12. Rxc3 e5 13. d5 cxd5 14. Bxd5 Nf6 15. 0-0 Bg4 16. Qb3 Nxd5 17. exd5 Rac8 18. Nd2 Kh8 19. Rfc1 Rxc3 20. bxc3 Qg5 21. Qa3 Re8 22. Ne4 Qg6 23. Ng3 f5 24. h3 f4 25. hxg4 fxg3 26. fxg3 Qd3 27. Qxa7 e4 28. Qd4 Qxg3 29. Qf2 Qd3 30. Rf1 Rg8 31. Qd4 Qe2 32. d6 Qxg4 33. Re1 h5 34. Rxe4 Qg6 35. c4 Rd8 36. c5 Kh7 37. Re5 b6 38. Qh4 Qf6 39. Rxh5+ Kg8 40. Rh8+ Kf7 41. Qxf6+ 1-0

[Event "SUI-ch (Women) 103rd"]
[Site "Silvaplana"]
[Date "2003.07.14"]
[Round "5"]
[White "Bohrer, Ruth"]
[Black "Roelli, Corinne"]
[Result "1-0"]
[WhiteElo "2037"]
[BlackElo "2025"]
[PlyCount "55"]
[EventDate "2003.07.10"]
[EventType "tourn"]
[EventRounds "9"]
[EventCountry "SUI"]
[SourceTitle "CBM 095 Extra"]
[Source "ChessBase"]
[SourceDate "2003.09.04"]
[SourceVersion "1"]
[SourceVersionDate "2003.09.04"]
[SourceQuality "1"]

1. d4 d5 2. Nf3 Nf6 3. c4 e6 4. Nc3 Be7 5. Bg5 c6 6. e3 Nbd7 7. Rc1 0-0 8. Bd3 a6 9. a4 dxc4 10. Bxc4 b5 11. Bd3 Bb7 12. 0-0 Rc8 13. e4 b4 14. Ne2 c5 15. e5 Nd5 16. Bxe7 Qxe7 17. Re1 N7b6 18. a5 c4 19. Bb1 Nd7 20. Rxc4 g6 21. Rxc8 Rxc8 22. Qd2 Kg7 23. Ng3 f5 24. exf6+ N5xf6 25. Ng5 e5 26. dxe5 Nxe5 27. h3 Qc5 28. Ne6+ 1-0

[Event "Zuerich op-A 27th"]
[Site "Zuerich"]
[Date "2003.??.??"]
[Round "7"]
[White "Roelli, Corinne"]
[Black "Schmid, Martin"]
[Result "0-1"]
[WhiteElo "2017"]
[BlackElo "2147"]
[PlyCount "54"]
[EventDate "2003.12.26"]
[EventType "swiss"]
[EventRounds "7"]
[EventCountry "SUI"]
[SourceTitle "CBM 097 Extra"]
[Source "ChessBase"]
[SourceDate "2004.01.13"]
[SourceVersion "1"]
[SourceVersionDate "2004.01.13"]
[SourceQuality "1"]

1. d4 Nf6 2. c4 e6 3. Nc3 Bb4 4. Qc2 0-0 5. a3 Bxc3+ 6. Qxc3 Ne4 7. Qc2 f5 8. g3 b6 9. Bg2 Bb7 10. Nf3 Qc8 11. b4 a5 12. Bb2 axb4 13. axb4 Rxa1+ 14. Bxa1 Nc6 15. Qb2 d5 16. c5 b5 17. 0-0 Qa8 18. Nd2 Qa4 19. Nxe4 fxe4 20. f3 Qxb4 21. Qxb4 Nxb4 22. Rb1 Nc2 23. Rxb5 Bc6 24. Ra5 Rb8 25. Ra6 Rb1+ 26. Bf1 Bb7 27. Rxe6 Rxa1 0-1

[Event "SUI-ch (Women)"]
[Site "Leukerbad"]
[Date "2002.07.19"]
[Round "9"]
[White "Roelli, Corinne"]
[Black "Reust, Erika"]
[Result "1/2-1/2"]
[WhiteElo "1933"]
[BlackElo "2138"]
[PlyCount "57"]
[EventDate "2002.07.11"]
[EventType "tourn"]
[EventRounds "9"]
[EventCountry "SUI"]
[SourceTitle "CBM 089 Extra"]
[Source "ChessBase"]
[SourceDate "2002.09.10"]
[SourceVersion "2"]
[SourceVersionDate "2002.09.10"]
[SourceQuality "1"]

1. d4 Nf6 2. c4 g6 3. Nc3 Bg7 4. e4 d6 5. Nf3 0-0 6. Bg5 h6 7. Bh4 a6 8. Be2 g5 9. Bg3 e6 10. 0-0 Nc6 11. d5 Ne7 12. Nd4 e5 13. Nc2 Nh7 14. Ne3 f5 15. exf5 Nxf5 16. Nxf5 Bxf5 17. Bd3 Qd7 18. Bxf5 Qxf5 19. f3 Rf7 20. Ne4 Nf6 21. Qe2 Qg6 22. b4 Raf8 23. Nxf6+ Rxf6 24. Qe4 h5 25. Bf2 Kh7 26. Rae1 Rf4 27. Qxg6+ Kxg6 28. Re4 g4 29. Bg3 1/2-1/2

[Event "SUI-ch (Women)"]
[Site "Leukerbad"]
[Date "2002.07.16"]
[Round "6"]
[White "Bilinski, Vanda"]
[Black "Roelli, Corinne"]
[Result "1/2-1/2"]
[WhiteElo "1823"]
[BlackElo "1933"]
[PlyCount "139"]
[EventDate "2002.07.11"]
[EventType "tourn"]
[EventRounds "9"]
[EventCountry "SUI"]
[SourceTitle "CBM 089 Extra"]
[Source "ChessBase"]
[SourceDate "2002.09.10"]
[SourceVersion "2"]
[SourceVersionDate "2002.09.10"]
[SourceQuality "1"]

1. e4 c5 2. Nc3 e6 3. g3 Nc6 4. Bg2 g6 5. d3 Bg7 6. Nge2 Nge7 7. 0-0 0-0 8. Be3 Nd4 9. Qd2 d6 10. Nd1 b5 11. a3 Rb8 12. Nc1 e5 13. c3 Ndc6 14. b4 cxb4 15. axb4 a5 16. bxa5 Nxa5 17. f4 Be6 18. fxe5 dxe5 19. Bc5 Re8 20. Rf2 Nec6 21. Nb2 Ra8 22. Rb1 Qd7 23. Nd1 Reb8 24. Qe1 Rb7 25. Rfb2 Rab8 26. Kh1 Qc7 27. Qe3 Qd7 28. Nf2 Nd8 29. h3 Rc8 30. Kh2 Rcb8 31. h4 h5 32. Bh3 Kh7 33. Qe2 Qc7 34. d4 Nc4 35. Rc2 Kg8 36. Ncd3 Bxh3 37. Nxh3 exd4 38. cxd4 Ne6 39. Qf2 Nxc5 40. Nxc5 Na3 41. Nxb7 Qxc2 42. Qxc2 Nxc2 43. Nd6 Nxd4 44. Nc4 Ra8 45. Ne3 Ra2+ 46. Kh1 Nf3 47. Nf1 Rb2 48. Rxb2 Bxb2 49. Kg2 Ne5 50. Nf2 Bc1 51. Nd1 b4 52. Kf2 Nc4 53. Ke2 b3 54. Kd3 Nd6 55. Kc3 Nxe4+ 56. Kxb3 Kg7 57. Kc2 Ba3 58. Kd3 Nc5+ 59. Kc4 Kf6 60. Nde3 Ne4 61. Kd4 Nd6 62. Kd5 Nf5 63. Nc4 Bb4 64. Ke4 Nd6+ 65. Nxd6 Bxd6 66. Kf3 Bc5 67. Ke4 Ke6 68. Nd2 Bf2 69. Kf3 Be1 70. Ne4 1/2-1/2

[Event "SUI-ch (Women)"]
[Site "Leukerbad"]
[Date "2002.07.14"]
[Round "4"]
[White "Seps, Monika"]
[Black "Roelli, Corinne"]
[Result "1/2-1/2"]
[WhiteElo "2003"]
[BlackElo "1933"]
[PlyCount "111"]
[EventDate "2002.07.11"]
[EventType "tourn"]
[EventRounds "9"]
[EventCountry "SUI"]
[SourceTitle "CBM 089 Extra"]
[Source "ChessBase"]
[SourceDate "2002.09.10"]
[SourceVersion "2"]
[SourceVersionDate "2002.09.10"]
[SourceQuality "1"]

1. e4 c5 2. Nf3 e6 3. d4 cxd4 4. Nxd4 a6 5. Bd3 Qc7 6. 0-0 Nf6 7. Qe2 d6 8. Kh1 Nc6 9. Nxc6 bxc6 10. b3 d5 11. Bb2 Be7 12. Nc3 0-0 13. Na4 c5 14. Rad1 Bb7 15. e5 Nd7 16. f4 g6 17. c4 d4 18. Be4 f6 19. exf6 Rxf6 20. Bc1 Raf8 21. Bxb7 Qxb7 22. f5 gxf5 23. Bg5 R6f7 24. Bh6 Rc8 25. Qxe6 Rc6 26. Qd5 Nb6 27. Nxb6 Qxb6 28. Rxf5 Rcf6 29. Rdf1 Qd8 30. Qxd8+ Bxd8 31. Rxf6 Rxf6 32. Rxf6 Bxf6 33. Kg1 d3 34. Bd2 Bd4+ 35. Kf1 Kf7 36. Ke1 Ke6 37. g4 Ke5 38. h4 Ke4 39. h5 Kf3 40. g5 Kg4 41. g6 Kxh5 42. gxh7 Kg6 43. Be3 Bc3+ 44. Kd1 Kxh7 45. Bxc5 Kg6 46. b4 Kf5 47. b5 axb5 48. cxb5 Ke6 49. a4 Kd5 50. Be3 Kc4 51. Bd2 Bd4 52. Kc1 Kb3 53. a5 Ka4 54. b6 Kb5 55. b7 Be5 56. Bc3 1/2-1/2

[Event "SUI-ch (Women)"]
[Site "Leukerbad"]
[Date "2002.07.12"]
[Round "2"]
[White "Roelli, Corinne"]
[Black "Kradolfer, Conny"]
[Result "1-0"]
[WhiteElo "1933"]
[BlackElo "2003"]
[PlyCount "87"]
[EventDate "2002.07.11"]
[EventType "tourn"]
[EventRounds "9"]
[EventCountry "SUI"]
[SourceTitle "CBM 089 Extra"]
[Source "ChessBase"]
[SourceDate "2002.09.10"]
[SourceVersion "2"]
[SourceVersionDate "2002.09.10"]
[SourceQuality "1"]

1. d4 Nf6 2. c4 g6 3. Nc3 Bg7 4. e4 d6 5. Nf3 0-0 6. Bg5 Na6 7. Be2 Qe8 8. Nd2 e5 9. d5 Nd7 10. 0-0 f5 11. exf5 Rxf5 12. Be3 Ndc5 13. Bg4 Rf8 14. Bxc8 Rxc8 15. Nde4 b6 16. a3 Nxe4 17. Nxe4 Nc5 18. Bxc5 bxc5 19. b4 Rf4 20. Qe2 cxb4 21. axb4 Ra8 22. Ng5 Qe7 23. Ne6 Rf7 24. Ra6 c5 25. bxc5 dxc5 26. Rc6 a5 27. Rxc5 a4 28. Rc7 Qe8 29. Ra1 a3 30. Rxf7 Qxf7 31. Nxg7 Qxg7 32. Qe4 Qb7 33. Qc2 Qb4 34. c5 a2 35. h3 Qd4 36. Rxa2 Rxa2 37. Qxa2 Qxc5 38. Qa8+ Kf7 39. Qb7+ Qe7 40. Qc6 Qb4 41. Qe6+ Kf8 42. Qxe5 Qb1+ 43. Kh2 Qa2 44. Qh8+ 1-0